000 00451pab a2200157 454500
008 180718b2012 xxu||||| |||| 00| 0 eng d
100 _aMishra, Priti Suman
245 _aTowards understanding the role of emotions in workplace performance - A review and future directions
260 _c2012
300 _ap.93-106.
362 _aMay
650 _aEmotional development
773 _aManagement and Labour Studies
908 _aN
909 _a98452
999 _c98451
_d98451